000 00445pab a2200157 454500
008 180718b2001 xxu||||| |||| 00| 0 eng d
100 _aDas, Abhiman
245 _aFertility transition and threshold estimation: a district-level analysis in India
260 _c2001
300 _ap.216-44
362 _aJul-Dec
650 _aFertility - India
650 _aFertility
773 _aJournal of Social and Economic Development
909 _a50913
999 _c50913
_d50913